000 00301nam a22001337a 4500
008 181012b xxu||||| |||| 00| 0 eng d
020 _a9780323045889
041 _aeng
080 _28th
_a615
100 _a5
101 _aSHF
245 _aClculation of Drug Dosages
_cOgden, Sh.J
942 _2udc
_cBK
999 _c49521
_d49521